000 00286nam a22001337a 4500
003 SGT
020 _a9781138643086
082 _a741.6
_bMEY
100 _aMEYER CHRIS
245 _aAFTER EFFECTS APPAENTICE
260 _aUK
_bROUTLEDGE PUB
_c2016
300 _a418
942 _2ddc
_cBK
999 _c34672
_d34672